| 000 | 00568nam a2200217 a 4500 | ||
|---|---|---|---|
| 001 | 0001-2086 | ||
| 003 | ELIB.Books | ||
| 008 | 190722 2010 eng | ||
| 020 | _a9781426758393 | ||
| 092 |
_a230.082 _bLie |
||
| 100 | _aLienemann-Perrin, Christine | ||
| 245 | _aPutting Names with Faces | ||
| 260 |
_aNashville _bAbingdon Press _c2012 |
||
| 300 |
_a389 _c22.5cm |
||
| 650 | _aFeminist Theology | ||
| 856 |
_nKBTS Library _uKBTS Elib |
||
| 942 |
_2ddc _cBK |
||
| 990 | _a2 | ||
| 998 |
_aEnglishbooks.elf _ccat _e2019-07-22 |
||
| 999 |
_c12086 _d12086 |
||